000 00883nam a2200205 i 4500
001 189995
003 ES-MaACL
005 20230906223618.0
008 200304s1975 sp |||| | spa d
080 _a351.777.81(460)(043.2)
100 1 _aLliset Borrell, Francisco.
_972791
245 1 3 _aLa actividad urbanística de los particulares como función administrativa en el ordenamiento español /
_cpor Francisco Lliset Borrell.
260 _aBarcelona :
_b[Universidad, Facultad de Derecho],
_c1975.
300 _a14 p. ;
_c24 cm.
502 _aTesis-Univ. Barcelona (Extracto)
594 _aPrecede al tít.: Universidad de Barcelona. Secretariado de Publicaciones, Intercambio Científico y Extensión Universitaria.
650 _aDerecho urbanístico-
_zEspaña.
_9145987
710 2 _aUniversidad de Barcelona.
_bFacultad de Derecho.
_97147
852 4 _aES-MaACL
_jP-1414-15
999 _c189995
_d189995